Le convivenze registrate in Europa : verso un secondo regime patrimoniale della famiglia /

Bewaard in:
Bibliografische gegevens
Hoofdauteur: Calò, Emanuele, (1948- ) (Auteur)
Formaat: Boek
Taal:Italiaans
Gepubliceerd in: Milano : A. Giuffrè, 2000
Reeks:Collana di studi ; Consiglio nazionale del notariato 14
Onderwerpen:
Tags: Voeg label toe
Geen labels, Wees de eerste die dit record labelt!

MARC

LEADER 00000nam a2200000 i 4500
001 IT\ICCU\PUV\0557183
003 ItRI
005 20260406203818.0
008 000531s2000 it |||||| ||||| |||||c
015 |2 IT  |a 2001-3556 
020 |a 8814081441 
040 |b ita  |c ARCIGAY RIMINI 
041 7 |a ita  |2 ISO-639-2 
082 |a 346.4015  |2 19 
082 |a 346.4015  |2 21 
100 1 |a Calò, Emanuele,  |d  (1948- )  |0 IT\ICCU\CFIV\330708  |4 aut 
245 1 3 |a Le convivenze registrate in Europa :  |b verso un secondo regime patrimoniale della famiglia /  |c Emanuele Calò. 
260 |a Milano :  |b A. Giuffrè,  |c 2000 
300 |a VIII, 171 p. ;  |c 23 cm 
500 |a In testa al front.: Commissione studi Unione europea. 
650 7 |a Famiglia di fatto  |x Paesi della Comunità europea  |x Legislazione  |2 scbi 
830 0 |a Collana di studi ;  |v 14  |a Consiglio nazionale del notariato  |0 IT\ICCU\CFI\0014734 
942 |2 ddc  |c BK 
952 |0 0  |1 0  |2 ddc  |4 0  |6 346_401000000000000_CAL_CON  |7 1  |9 2301  |a RN  |b RN  |d 2024-12-23  |l 0  |o 346.401 CAL CON  |p 9754  |r 2024-12-23 16:16:04  |w 2024-12-23  |y BK 
952 |0 0  |1 0  |2 ddc  |4 0  |6 13  |7 0  |9 28384  |a BS  |b BS  |d 2026-02-06  |i 186  |l 0  |o 1-3-*  |r 2026-02-06 22:40:34  |w 2026-02-06  |x [REVISIONARE]  |y BK 
999 |c 2013  |d 2013